000 00947namaa22002051 4500
001 174011
003 ES-MaACL
005 20230906215420.0
008 100205s1906 sp r |||| | spa d
080 _a860-221"19"
100 1 _aÁlvarez Quintero, Serafín,
_d1871-1938
_9226443
245 1 3 _aEl niño prodigio
_b: comedia en dos actos /
_cde Serafín y Joaquín Álvarez Quintero.
260 _aMadrid :
_b[Sociedad de Autores Españoles],
_c1906 (
_fR. Velasco)
300 _a67 p.,[2] h. ;
_c20 cm.
500 _aEn port.: Estrenada en el teatro Lara el 13 de noviembre de 1906.
500 _aLas dos últimas hojas música impresa "... nocturno de Chopin abreviado según las exigencias escénicas..."
700 1 _aÁlvarez Quintero, Joaquín,
_d1873-1944
_920922
852 _aES-MaACL
_jF-8644(6)
_z.- Enc. hol.
_z.- Enc. en un vol. facticio formando parte de la col. facticia "Teatro español moderno" v. 101
999 _c174011
_d174011